<?xml version="1.0" encoding="UTF-8"?>
<record
    xmlns:xsi="http://www.w3.org/2001/XMLSchema-instance"
    xsi:schemaLocation="http://www.loc.gov/MARC21/slim http://www.loc.gov/standards/marcxml/schema/MARC21slim.xsd"
    xmlns="http://www.loc.gov/MARC21/slim">

  <leader>02035nam a2200205 a 4500</leader>
  <controlfield tag="008">190917t2011    ag  |||g |||| 001 0 spa d</controlfield>
  <datafield tag="020" ind1=" " ind2=" ">
    <subfield code="a">9789507316852</subfield>
  </datafield>
  <datafield tag="041" ind1=" " ind2=" ">
    <subfield code="a">spa</subfield>
  </datafield>
  <datafield tag="092" ind1=" " ind2=" ">
    <subfield code="c">808</subfield>
    <subfield code="l">77</subfield>
    <subfield code="s">SAB</subfield>
  </datafield>
  <datafield tag="100" ind1="1" ind2=" ">
    <subfield code="a">Sabato, Ernesto</subfield>
    <subfield code="9">3235</subfield>
  </datafield>
  <datafield tag="245" ind1=" " ind2=" ">
    <subfield code="a">Sobre h&#xE9;roes y tumbas /</subfield>
    <subfield code="c">Ernesto Sabato</subfield>
  </datafield>
  <datafield tag="250" ind1=" " ind2=" ">
    <subfield code="a">1a ed.</subfield>
  </datafield>
  <datafield tag="260" ind1=" " ind2=" ">
    <subfield code="a">Buenos Aires:</subfield>
    <subfield code="b">Seix Barral;</subfield>
    <subfield code="c">2011.</subfield>
  </datafield>
  <datafield tag="300" ind1=" " ind2=" ">
    <subfield code="a">488 p.</subfield>
    <subfield code="b">21x13 cm</subfield>
  </datafield>
  <datafield tag="500" ind1=" " ind2=" ">
    <subfield code="a">Sabato, E. (2011). Sobre h&#xE9;roes y tumbas. (1a ed.). Buenos Aires : Seix Barral.</subfield>
  </datafield>
  <datafield tag="505" ind1=" " ind2=" ">
    <subfield code="a">Considerada una de las mejores novelas argentinas del siglo XX, Sobre h&#xE9;roes y tumbas consagr&#xF3; a Ernesto Sabato como escritor universal. En sus p&#xE1;ginas, tradujo sus obsesiones personales a reflexiones sobre la historia nacional y profundiz&#xF3; la investigaci&#xF3;n de la relaci&#xF3;n entre la conciencia subjetiva y el mundo exterior. La novela muestra a los &#xFA;ltimos representantes de una familia olig&#xE1;rquica venida a menos e intercala la tr&#xE1;gica historia de los seguidores del general Lavalle que, una vez derrotados, llevaron el cuerpo muerto de su jefe al exilio. Por un lado, Mart&#xED;n y Alejandra, que viven una relaci&#xF3;n atormentada, incapaces de escapar de un turbio destino: la predisposici&#xF3;n de la familia de ella a la locura. Por otro, la historia de un incesto brutal y la asfixiante atm&#xF3;sfera en la que se debaten sus protagonistas. Pero esta suma novelesca narra mucho m&#xE1;s: cuenta la invenci&#xF3;n de la trama siniestra protagonizada por una ap&#xF3;crifa organizaci&#xF3;n de ciegos y, adem&#xE1;s, la necesaria decisi&#xF3;n de huir a la Patagonia en busca ed un renacimiento vital, de una nueva oportunidad. Historias paralelas, conc&#xE9;ntricas -a lo Faulkner, a lo Dostoievski, a lo Kafka-; drama de la salvaci&#xF3;n, escalofriante y demon&#xED;aco, con esta obra Sabato encontr&#xF3; la posibilidad de dar vida a los fantasmas ya m&#xED;ticos de nuestra literatura: Fernando Vidal, Alejandra, Mart&#xED;n, Bruno y Lavalle.   </subfield>
  </datafield>
  <datafield tag="590" ind1=" " ind2=" ">
    <subfield code="a"> Proyecto 4to libro. Donaci&#xF3;n ariel Gasparri, Mayo 2018.</subfield>
  </datafield>
  <datafield tag="655" ind1=" " ind2=" ">
    <subfield code="a">Literatura</subfield>
    <subfield code="9">2917</subfield>
  </datafield>
  <datafield tag="942" ind1=" " ind2=" ">
    <subfield code="2">ddc</subfield>
    <subfield code="c">LIT</subfield>
  </datafield>
  <datafield tag="999" ind1=" " ind2=" ">
    <subfield code="c">2749</subfield>
    <subfield code="d">2749</subfield>
  </datafield>
  <datafield tag="952" ind1=" " ind2=" ">
    <subfield code="0">0</subfield>
    <subfield code="1">0</subfield>
    <subfield code="2">ddc</subfield>
    <subfield code="4">0</subfield>
    <subfield code="7">0</subfield>
    <subfield code="8">FIC</subfield>
    <subfield code="a">BFM</subfield>
    <subfield code="b">BFM</subfield>
    <subfield code="c">CR</subfield>
    <subfield code="d">2018-05-22</subfield>
    <subfield code="e"> Proyecto 4to libro. Donaci&#xF3;n ariel Gasparri, Mayo 2018.</subfield>
    <subfield code="l">3</subfield>
    <subfield code="o">808 77 SAB</subfield>
    <subfield code="p">4264</subfield>
    <subfield code="r">2023-03-09</subfield>
    <subfield code="s">2022-12-22</subfield>
    <subfield code="t">Ej. 1</subfield>
    <subfield code="w">2018-05-22</subfield>
    <subfield code="y">LIT</subfield>
    <subfield code="z"> Proyecto 4to libro. Donaci&#xF3;n ariel Gasparri, Mayo 2018.</subfield>
  </datafield>
</record>
